| 000 | 01545nam0a2200349 4500 | ||
|---|---|---|---|
| 001 | RU\NLR\A2V16\26581 | ||
| 005 | 20260406110204.0 | ||
| 035 | _a(NLR Aleph) 009829640 | ||
| 090 |
_a10273721 _c10273721 |
||
| 100 | _a20010918d1592 u y0rusy50 ca | ||
| 101 | 0 | _alat | |
| 102 | _aRU | ||
| 200 | 1 | _aCl. Poli. De trium seculorum Romanis pontificibus, hoc est ab anno 1294. in annum 1592. ad Innocentium Nonum pont. Rom: | |
| 210 |
_aRegiomonti [Kaliningrad] _ctypis Georgii Osterbergeri _d1592 |
||
| 215 |
_a[52] л. _d4° (21 см) |
||
| 307 | _aНа тит. л. виньетка. Тит. л. в набор. рамке. Грав. инициалы | ||
| 316 |
_aСиний обрез. На л. [32] (verso) рукоп. помета (запись). Пометы, характер. для б-ки Залуских. Припл. 1 кн. _516.91.6.22 Аллиг.1 |
||
| 321 | 1 | _aVD 16: P 4075 | |
| 481 | 0 | _1001RU\NLR\A2V16\34592 | |
| 517 | 1 | _aDe trium seculorum Romanis pontificibus | |
| 620 | _dKaliningrad | ||
| 700 | 1 |
_aPolus _bC. _gClemens _4070 |
|
| 702 | 1 |
_6z01790 _aOsterberger _bG. _fок. 1542-1602 _gGeorg _4610 |
|
| 702 | 1 |
_4390 _8pol _7ba _aZałuski _bJ. A. _f1702-1774 _gJózef Andrzej _3RU\NLR\AUTH\77107720 _990645 |
|
| 790 | 1 |
_6z01702 _aOsterbergerus _gGeorgius _4610 |
|
| 801 | 0 |
_aRU _bNLR _c20010918 |
|
| 852 |
_aNLR _j16.91.6.22 Аллиг.1 |
||
| 942 | _cBOOK | ||
| 980 | _aNB | ||
| 980 | _ain16 | ||